|
|
|
|
| LEADER |
01286nam a22002657a 4500 |
| 001 |
32410 |
| 003 |
BD-DhAAL |
| 005 |
20250623110100.0 |
| 008 |
171129t2013 bg a|||| b||| 00| 0 ben d |
| 020 |
|
|
|a 9789843361431
|
| 040 |
|
|
|a BD-DhAAL
|d BD-DhAAL
|
| 041 |
|
|
|a ben
|
| 082 |
|
|
|a 330.095492
|2 23
|
| 100 |
|
|
|a শার্দূল, ওমর মাসুদ ভূঁইয়া
|9 24117
|
| 245 |
|
|
|a উন্নয়ন অর্থনীতি ও বাংলাদেশ :
|b জাপানের অভিজ্ঞতার আলোকে /
|c ওমর মাসুদ ভূঁইয়া শাদূল.
|
| 246 |
|
|
|a Development economics & Bangladesh :
|b from the viewpoint of Japanese experience
|
| 260 |
|
|
|a ঢাকা :
|b রাঁচী গ্রন্থনিকেতন,
|c ২০১৬.
|
| 300 |
|
|
|a ১২২ পৃষ্টা :
|b চিত্র ;
|c ২২ সে.মি.
|
| 526 |
|
|
|a AAL
|
| 541 |
|
|
|a Complementary copy
|e 32410
|
| 650 |
|
|
|a Economical development
|z Bangladesh.
|9 24134
|
| 852 |
|
|
|a Ayesha Abed Library
|c General Stacks
|
| 942 |
|
|
|2 ddc
|c BK
|
| 999 |
|
|
|c 38686
|d 38686
|
| 952 |
|
|
|0 0
|1 0
|2 ddc
|4 0
|6 330_095492000000000_SHA
|7 0
|9 62078
|a BRACUL
|b BRACUL
|c GEN
|d 2017-11-29
|e Complementary copy
|l 0
|o 330.095492 SHA
|p 3010032410
|r 2017-11-29
|t 1
|v 280.00
|w 2017-11-29
|y BK
|